LEADER 03196oam 22007454a 450 001 9911072410803321 005 20231206205703.0 010 $a9782760518346 010 $a2760518345 010 $a9781435686014 010 $a1435686012 035 $a(CKB)1000000000576702 035 $a(EBL)600130 035 $a(OCoLC)681484749 035 $a(SSID)ssj0000734989 035 $a(PQKBManifestationID)11421614 035 $a(PQKBTitleCode)TC0000734989 035 $a(PQKBWorkID)10745069 035 $a(PQKB)10773756 035 $a(CaBNvSL)thg00603721 035 $a(MiAaPQ)EBC3257404 035 $a(OCoLC)867792443 035 $a(MdBmJHUP)muse21141 035 $a(MiAaPQ)EBC600130 035 $a(Au-PeEL)EBL600130 035 $a(CaPaEBR)ebr11337459 035 $a(CaONFJC)MIL935668 035 $a(PPN)170274608 035 $a(MiAaPQ)EBC30755749 035 $a(FR-PaCSA)88801428 035 $a(VaAlCD)20.500.12592/vj5mcv 035 $a(schport)gibson_crkn/2009-12-01/7/422335 035 $a(FRCYB88801428)88801428 035 $a(EXLCZ)991000000000576702 100 $a20050614d2005 uy 0 101 0 $afre 135 $aur|n|---||||| 181 $ctxt 182 $cc 183 $acr 200 10$aGérer une revue de presse /$fLise Chartier 205 $a1st ed. 210 $aSainte-Foy [Que.] $cPresses de l'Universite? du Que?bec$d2005 215 $a1 online resource (195 p.) 225 1 $aCollection Communication, relations publiques 300 $aDescription based upon print version of record. 311 08$a9782760513433 311 08$a2760513432 320 $aIncludes bibliographical references (p. [175]-178). 327 $aGE?RER UNE REVUE DE PRESSE; Remerciements; Table des matie?res; Pre?sentation; Chapitre 1_La revue de presse; Chapitre 2_Le vocabulaire; Chapitre 3_La collecte des nouvelles; Chapitre 4_L'e?valuation des besoins; Chapitre 5_Le profil d'inte?re?ts; Chapitre 6_Le choix des fournisseurs; Chapitre 7_La gestion quotidienne; Chapitre 8_Les sources documentaires; Chapitre 9_La valeur ajoute?e; Chapitre 10_Comprendre le droit d'auteur; Chapitre 11_Un brin d'histoire; Conclusion_La revue de presse en prespective; Annexe 1_Re?fe?rences sur internet; Annexe 2_Code d'e?thique de l'IABM; Bibliographie 330 $aCet ouvrage approfondit les notions telles que la collecte des nouvelles, le droit d'auteur, l'e?valuation des besoins; il s'inte?resse aux contenus, formats et fournisseurs; il explore les outils de consultation, d'e?valuation et de recherche; il propose des mode?les de budget, de profils d'inte?re?ts et d'appels de propositions. 410 0$aCollection Communication et relations publiques. 606 $aClipping bureaus$xManagement 606 $aClippings (Books, newspapers, etc.) 608 $aElectronic books. 615 0$aClipping bureaus$xManagement. 615 0$aClippings (Books, newspapers, etc.) 676 $a025.172 700 $aChartier$b Lise$f1945-$01376070 801 0$bMdBmJHUP 801 1$bMdBmJHUP 906 $aBOOK 912 $a9911072410803321 996 $aGérer une revue de presse$94559064 997 $aUNINA